| 000 | 00595nam a22001937a 4500 | ||
|---|---|---|---|
| 003 | OSt | ||
| 005 | 20161103075203.0 | ||
| 008 | 161103b xxu||||| |||| 00| 0 esp d | ||
| 040 | _cRCAA | ||
| 082 |
_a324.6 _bP699 2010 |
||
| 110 | _aRepública Dominicana. Secretaria de Estado de la Mujer. | ||
| 245 |
_aPlan Nacional de Igualdad de Género 2007-2017 : _b planeg II |
||
| 260 |
_aSanto Domingo : _bSecretaria de Estado de la Mujer, _c2007. |
||
| 300 | _a139 páginas | ||
| 650 | _aMujeres - derechos de la mujer. | ||
| 650 | _aIgualdad. | ||
| 650 | _aParticipación social. | ||
| 942 |
_2ddc _cBK |
||
| 999 |
_c957 _d957 |
||